A vezetői számviteli rendszer kialakítása és működése egy adott vállalkozásnál

Bibliográfiai részletek
Szerző: Horváth Szimonetta
További közreműködők: Simon Dr. Szilvia
Dokumentumtípus: Diplomadolgozat
Kulcsszavak:vezetői számvitel
döntés előkészítés
Költségkalkuláció
Online Access:http://dolgozattar.uni-bge.hu/9049

MARC

LEADER 00000nta a2200000 i 4500
001 dolg9049
005 20161217122001.0
008 161217suuuu hu om 000 hun d
040 |a BGE Dolgozattár Repozitórium  |b hun 
041 |a hu 
100 1 |a Horváth Szimonetta 
245 1 2 |a A vezetői számviteli rendszer kialakítása és működése egy adott vállalkozásnál  |c Horváth Szimonetta  |h [elektronikus dokumentum] 
695 |a vezetői számvitel 
695 |a döntés előkészítés 
695 |a Költségkalkuláció 
700 1 |a Simon Dr. Szilvia  |e ths 
856 4 0 |u http://dolgozattar.uni-bge.hu/9049/1/Szakdolgozat.pdf  |z Dokumentum-elérés